| 000 | 00468nam a22001697a 4500 | ||
|---|---|---|---|
| 008 | 150923b xxu||||| |||| 00| 0 eng d | ||
| 020 | _a0763724955 | ||
| 041 | 0 | _aeng | |
| 080 | _a336 | ||
| 245 |
_aEssentials of health care finance / _cWilliam I. Cleverley; Andrew E. Cameron; |
||
| 250 | _a6th ed. | ||
| 260 |
_aCanada: _bJones and Barlett Publishers; _c 2007. |
||
| 300 |
_a541 f.: _bme il.; _c26. |
||
| 650 | 0 | _aFinancë | |
| 650 | 0 | _aShëndeti | |
| 942 |
_2udc _cBK |
||
| 999 |
_c1169 _d1169 |
||